El país de las familias multicolores / (Registro nro. 13664)

Detalles MARC
000 -LIDER
fixed length control field 01240nam a2200337 a 4500
001 - NÚMERO DE CONTROL
Identificador de número de control
003 - IDENTIFICACDOR DE NÚMERO DE CONTROL
control field DO-SdBNP
005 - DATE AND TIME OF LATEST TRANSACTION
control field 20210818130031.0
008 - ELEMENTOS DE LONGITUD FIJA
fixed length control field 091012s1990 dr 001 0 spa d
040 ## - FUENTE DE CATALOGACIÓN
Agencia que crea de manera original el registro DO-SdBNP
Idioma de catalogación spa
Agencia que realiza la transcripción BPMSU
041 17 - CÓDIGOS DE OBRAS TRADUCIDAS O EN VARIOS IDIOMAS
Código del idioma del texto/archivo de sonido o separata spa
Cód. del idioma original y/o traducciones intermedias del texto eng
049 ## - LOCAL HOLDINGS (OCLC)
Holding library
082 ## - NÚMERO DE CLASIFICACIÓN DECIMAL DE DEWEY
Classification number 972.93052
Item number B959p 1990
Edition number 22
100 1# - ASIENTO PRINCIPAL -- NOMBRE PERSONAL
Nombre personal Burks, Arthur J.,
Fechas asociadas con el nombre 1915-2008
245 13 - MENCIÓN DE TITULO
Título El país de las familias multicolores /
Mención de responsabilidad Arthur J. Burks ; traducción del inglés por Gustavo Amigó ; prólogo José del Castillo ; revisión Diógenes Céspedes.
260 ## - PUBLICACIÓN, DISTRIBUCIÓN, ETC. (PIE DE IMPRENTA)
Lugar de publicación, distribución, etc Santo Domingo :
Nombre del editor, distribuidor, etc. Sociedad Dominicana de Bibliófilos,
Fecha de publicación, distribución, etc 1990.
300 ## - DESCRIPCIÓN FÍSICA
Extensión xxiv, 225 p. ;
Dimensiones 23 cm.
490 0# - MENCIÓN DE SERIES
Mención de serie Cultura dominicana
500 ## - NOTA GENERAL
Nota general Incluye referencias biblográficas y notas a pie de las páginas.
534 ## - NOTA SOBRE LA VERSIÓN ORIGINAL
Asiento principal del original Land of checkerboard families,
590 ## - NOTA LOCAL
Enlace Inventariado, 2021/VM
650 ## - ENCABEZAMIENTO DE MATERIA--TEMÁTICO
Término temático o nombre geográfico como elemento de entrada
651 #4 - ENCABEZAMIENTO DE MATERIA--NOMBRE GEOGRÁFICO
Nombre geográfico República Dominicana
Subdivisión temática general Historia
Subdivisión cronológica Ocupación estadounidense, 1916
651 #4 - ENCABEZAMIENTO DE MATERIA--NOMBRE GEOGRÁFICO
Nombre geográfico República Dominicana
Subdivisión temática general Descripciones y viajes
700 1# - ASIENTO SECUNDARIO -- NOMBRE PERSONAL
Nombre personal Amigó, Gustavo,
Mención de responsabilidad tr.
700 1# - ASIENTO SECUNDARIO -- NOMBRE PERSONAL
Nombre personal Castillo, José del,
Mención de responsabilidad pról.
700 ## - ASIENTO SECUNDARIO -- NOMBRE PERSONAL
Nombre personal Céspedes, Diógenes,
Fechas asociadas con el nombre 1941-
Mención de responsabilidad rev.
710 2# - ASIENTO SECUNDARIO -- NOMBRE CORPORATIVO
Nombre corporativo o de jurisdicción Sociedad Dominicana de Bibliófilos
910 ## - VALIDACIÓN
Validación VMateo V.
942 ## - ADDED ENTRY ELEMENTS (KOHA)
Source of classification or shelving scheme Dewey Decimal Classification
Koha item type Libros
Existencias
Withdrawn status Lost status Source of classification or shelving scheme Damaged status Not for loan Collection code Home library Current library Date acquired Source of acquisition Total Checkouts Full call number Barcode Date last seen Price effective from Koha item type
    Dewey Decimal Classification     Colección Dominicana Biblioteca Pública Metropolitana Salomé Ureña Biblioteca Pública Metropolitana Salomé Ureña 08/18/2021 Luciano Martínez   BPMSU CD 972.93052 B959p 1990 BPMSU21080058 08/18/2021 08/18/2021 Libros